Establecimiento de Barcelona : reseña histórica / Escuela Especial de Ingenieros Industriales reseña histórica / Escuela Especial de Ingenieros Industriales
Descripción Física:
71 p., 1 f. pleg., [8] f. de làm. ; 28 cm
MARC
| LEADER | 00000nam a2200000Ia 4500 | ||
|---|---|---|---|
| 001 | 9298 | ||
| 003 | BGR | ||
| 005 | 20260324175650.0 | ||
| 008 | 160829s1943 xx 000 0 cat d | ||
| 080 | |a C-2-165 | ||
| 110 | 1 | |a Escuela Especial de Ingenieros Industriales |9 70826 |b Establecimiento de Barcelona | |
| 245 | |a Establecimiento de Barcelona : |b reseña histórica / Escuela Especial de Ingenieros Industriales | ||
| 260 | |a Barcelona : |b (Sobrinos de López Robert y Cª, imp.), |c 1943 | ||
| 300 | |a 71 p., 1 f. pleg., [8] f. de làm. ; |c 28 cm | ||
| 590 | |a Conté la llista de directors (1881 - 1943), professors (1851 - 1861), personal docent numerari (1861 - 1943), copies dels plànols de l'Escola i Plans d'estudis | ||
| 650 | |a Escuela Especial de Ingenieros Industriales. Establecimiento de Barcelona |x Història |9 37144 | ||
| 901 | |a Arxiu | ||
| 942 | |n 1 |2 udc |c MON | ||
| 952 | |0 0 |1 0 |4 0 |6 C2165 |7 1 |9 47698 |a Arxiu |b Arxiu |d 2016-12-01 |l 0 |o C-2-165 |p 9298 |r 2016-12-01 00:00:00 |w 2016-12-01 |y ARXIU | ||
| 999 | |c 51497 |d 51497 | ||